00436 2200181 4500001002100000008004100021035002000062245003900082100002200121250000600143260003700149300001200186084001400198082000800212650001000220990001200230990001200242INLIS000000000001338 ind  a0010-0524000573 aOlive KitteridgecElizabeth Strout aStrout, Elizabeth a1 aYogyakarta :bSheila/ Andic2008 a366 hlm a813 ELI o a813 aFiksi a0741518 a0741519